[Event "Marburg op-A"]
[Site "Marburg"]
[Date "2023.10.28"]
[Round "4"]
[White "Browning, Rebecca"]
[Black "Petrik, Matus"]
[Result "1-0"]
[WhiteElo "1906"]
[BlackElo "1614"]
[PlyCount "86"]
[EventDate "2023.10.26"]
[EventType "swiss"]
[EventRounds "7"]
[EventCountry "GER"]
[SourceTitle "CB49_2023"]
[SourceDate "2023.12.06"]
[SourceVersion "1"]
[SourceVersionDate "2023.12.06"]
[SourceQuality "1"]

1. e4 c5 2. c3 d5 3. exd5 Qxd5 4. d4 Nc6 5. Nf3 Bg4 6. Be2 cxd4 7. cxd4 Nf6 8. 0-0 e6 9. Nc3 Qd7 10. Be3 Rd8 11. Qc2 Bf5 12. Qb3 Be7 13. Bb5 0-0 14. Rac1 a6 15. Ne5 Qc8 16. Nxc6 bxc6 17. Be2 Qb8 18. Qxb8 Rxb8 19. b3 Ba3 20. Rcd1 Bb4 21. Na4 a5 22. Rc1 Rfc8 23. Ba6 Ba3 24. Bxc8 Bxc1 25. Rxc1 Rxc8 26. Rc5 Nd5 27. Rxa5 Bd3 28. Nc5 Bc2 29. Ra7 h6 30. h3 g5 31. Bd2 Kg7 32. Nd7 Rc7 33. Rxc7 Nxc7 34. Ne5 Be4 35. a4 Kf6 36. Nd7+ Ke7 37. Nc5 Bd5 38. f4 f6 39. Kf2 Ne8 40. a5 Kd6 41. a6 Nc7 42. Bb4 f5 43. a7 g4 1-0

[Event "Kiel op 34th"]
[Site "Kiel"]
[Date "2022.08.02"]
[Round "6"]
[White "Browning, Rebecca"]
[Black "Browning, Alex"]
[Result "0-1"]
[WhiteElo "1938"]
[BlackElo "2294"]
[PlyCount "96"]
[EventDate "2022.07.30"]
[EventType "swiss"]
[EventRounds "9"]
[EventCountry "GER"]
[SourceTitle "CBM 209 Extra"]
[Source "ChessBase"]
[SourceDate "2022.09.30"]
[SourceVersion "1"]
[SourceVersionDate "2022.09.30"]
[SourceQuality "1"]

1. d4 Nf6 2. c4 c5 3. d5 e6 4. Nc3 d6 5. e4 g6 6. Nf3 Bg7 7. Be2 0-0 8. Nd2 Nbd7 9. g4 exd5 10. cxd5 Ne5 11. g5 Nh5 12. Nf1 c4 13. f4 Nd3+ 14. Bxd3 cxd3 15. Qxd3 f5 16. Be3 fxe4 17. Qd2 Bg4 18. Ng3 Bf3 19. Rf1 Nxg3 20. hxg3 Qd7 21. Qh2 b5 22. Rb1 Rac8 23. Ne2 Rc2 24. Rf2 Rfc8 25. Ng1 Rxf2 26. Qxf2 Bg4 27. Bd4 Rc4 28. Bf6 Qc7 29. Qe3 Qa5+ 30. Kf1 Qxa2 31. Rc1 Bxf6 32. gxf6 Kf7 33. b3 Rxc1+ 34. Qxc1 Qa5 35. Qc6 Qa1+ 36. Kg2 Qxf6 37. Qxb5 e3 38. Qa5 Qe7 39. Kf1 h5 40. Ne2 Qe4 41. Qxa7+ Kg8 42. Qb8+ Kh7 43. Qc7+ Kh6 44. Ng1 e2+ 45. Nxe2 Qxe2+ 46. Kg1 Qd1+ 47. Kf2 Qf3+ 48. Kg1 Qxg3+ 0-1

[Event "GER-chT U20 Girls"]
[Site "Kiel"]
[Date "2022.07.23"]
[Round "2.4"]
[White "Browning, Rebecca"]
[Black "Falke, Ornella"]
[Result "1/2-1/2"]
[WhiteElo "1938"]
[BlackElo "1912"]
[PlyCount "66"]
[EventDate "2022.07.22"]
[EventType "team-swiss"]
[EventRounds "7"]
[EventCountry "GER"]
[SourceTitle "CBM 209 Extra"]
[Source "ChessBase"]
[SourceDate "2022.09.30"]
[SourceVersion "1"]
[SourceVersionDate "2022.09.30"]
[SourceQuality "1"]
[WhiteTeam "Nordhorn Blanke"]
[BlackTeam "Elmshorn"]
[WhiteTeamCountry "GER"]
[BlackTeamCountry "GER"]

1. e4 c5 2. c3 Nf6 3. e5 Nd5 4. d4 cxd4 5. cxd4 d6 6. exd6 e6 7. Nf3 Bxd6 8. Nc3 0-0 9. Bd3 Nc6 10. 0-0 h6 11. Bb1 Nf6 12. a3 Ne7 13. Qc2 b6 14. Ne4 Ned5 15. Qc6 Nxe4 16. Qxa8 Qd7 17. Bxe4 Ba6 18. Qxf8+ Kxf8 19. Rd1 Qa4 20. Bd2 Nf6 21. Re1 Nxe4 22. Rxe4 Qc2 23. Ree1 Qxb2 24. Bb4 Bxb4 25. axb4 Bb7 26. Reb1 Qc3 27. Rxa7 Bxf3 28. gxf3 g5 29. Kg2 Qxd4 30. h3 Kg7 31. Re1 b5 32. Rc7 Qxb4 33. Rxe6 Qf4 1/2-1/2

[Event "GER-ch Net Amateur Gr-A Vor3"]
[Site "Playchess.com INT"]
[Date "2020.04.16"]
[Round "9"]
[White "Browning, Rebecca"]
[Black "Mueller, Adrian"]
[Result "1-0"]
[WhiteElo "1770"]
[BlackElo "1920"]
[PlyCount "65"]
[EventDate "2020.04.16"]
[EventType "swiss (blitz)"]
[EventRounds "9"]
[EventCountry "GER"]
[SourceTitle "CBM 195 Extra"]
[Source "ChessBase"]
[SourceDate "2020.05.31"]
[SourceVersion "1"]
[SourceVersionDate "2020.05.31"]
[SourceQuality "1"]

1. e4 c5 2. c3 Nf6 3. e5 Nd5 4. d4 cxd4 5. cxd4 Nc6 6. Nc3 Nxc3 7. bxc3 d6 8. f4 g6 9. Nf3 Bg7 10. Bc4 0-0 11. 0-0 a6 12. Ba3 Qc7 13. exd6 exd6 14. Bd5 Re8 15. Qd3 Bf5 16. Qc4 h6 17. h3 Rac8 18. g4 Be4 19. Bxe4 Rxe4 20. Rae1 Rxe1 21. Rxe1 Nxd4 22. Re8+ Kh7 23. Rxc8 Nxf3+ 24. Kf2 Qb6+ 25. Kxf3 Qg1 26. Qe2 Qh1+ 27. Qg2 Qd1+ 28. Kg3 Qe1+ 29. Kh2 g5 30. Bxd6 Bxc3 31. Qc2+ Kg7 32. Qxc3+ f6 33. Qxe1 1-0

[Event "GER-ch Net Amateur Gr-A Vor3"]
[Site "Playchess.com INT"]
[Date "2020.04.16"]
[Round "5"]
[White "Browning, Rebecca"]
[Black "Wiechert, Hans"]
[Result "0-1"]
[WhiteElo "1753"]
[BlackElo "1860"]
[PlyCount "50"]
[EventDate "2020.04.16"]
[EventType "swiss (blitz)"]
[EventRounds "9"]
[EventCountry "GER"]
[SourceTitle "CBM 195 Extra"]
[Source "ChessBase"]
[SourceDate "2020.05.31"]
[SourceVersion "1"]
[SourceVersionDate "2020.05.31"]
[SourceQuality "1"]

1. e4 c5 2. c3 d5 3. exd5 Qxd5 4. d4 Nf6 5. Nf3 e6 6. Be3 Be7 7. Nbd2 0-0 8. Bc4 Qf5 9. 0-0 Nc6 10. g3 Rd8 11. Nh4 Qh3 12. Re1 Ng4 13. Ndf3 Nxe3 14. fxe3 e5 15. Rf1 Bg4 16. Qb3 Bxh4 17. Bxf7+ Kh8 18. Nxh4 exd4 19. exd4 cxd4 20. Rae1 d3 21. Qxb7 d2 22. Rd1 Rac8 23. Rxd2 Rxd2 24. Qxc8+ Bxc8 25. Be6 Qxh2# 0-1

[Event "GER-ch Net Amateur Gr-A Vor3"]
[Site "Playchess.com INT"]
[Date "2020.04.16"]
[Round "4"]
[White "Roelle, Philipp"]
[Black "Browning, Rebecca"]
[Result "1/2-1/2"]
[WhiteElo "1913"]
[BlackElo "1746"]
[PlyCount "177"]
[EventDate "2020.04.16"]
[EventType "swiss (blitz)"]
[EventRounds "9"]
[EventCountry "GER"]
[SourceTitle "CBM 195 Extra"]
[Source "ChessBase"]
[SourceDate "2020.05.31"]
[SourceVersion "1"]
[SourceVersionDate "2020.05.31"]
[SourceQuality "1"]

1. c4 c6 2. Nf3 d5 3. b3 Nf6 4. Bb2 Bf5 5. e3 e6 6. Be2 Bd6 7. 0-0 Nbd7 8. cxd5 exd5 9. d3 0-0 10. Nbd2 Re8 11. Re1 Bc7 12. a3 Nc5 13. Nf1 Qd6 14. b4 Ncd7 15. Qc2 Rac8 16. Rad1 h6 17. Bc3 Bg6 18. Qb2 Bd8 19. Ng3 Nb6 20. Qb3 Nbd7 21. Nh4 Bh7 22. Nhf5 Qe6 23. Nd4 Qe7 24. Qb2 Bc7 25. Bf1 h5 26. Qe2 Ng4 27. Nf3 Qd6 28. h3 h4 29. hxg4 hxg3 30. fxg3 Qxg3 31. Qf2 Nf6 32. Qxg3 Bxg3 33. Re2 Nxg4 34. e4 dxe4 35. dxe4 Bf2+ 36. Rxf2 Nxf2 37. Kxf2 Rxe4 38. Rd7 Rb8 39. Bd3 Ree8 40. Bc4 Bg6 41. Ne5 Red8 42. Rxd8+ Rxd8 43. Nxg6 Kh7 44. Nf4 f5 45. g3 Rd1 46. Ne6 Rc1 47. Bd3 Rxc3 48. Bxf5+ g6 49. Be4 Kh6 50. Nf4 g5 51. Nd3 Rxa3 52. Ke3 a5 53. bxa5 Rxa5 54. g4 Ra1 55. Bf5 Rd1 56. Kd4 c5+ 57. Kxc5 Rb1 58. Nb4 Rb2 59. Kc4 Rf2 60. Nd5 Rb2 61. Ne3 b5+ 62. Kc3 Re2 63. Kd3 Re1 64. Nd5 Rd1+ 65. Ke4 Rb1 66. Nc3 Rb4+ 67. Kd3 Kg7 68. Nd5 Rb2 69. Kc3 Rf2 70. Nc7 b4+ 71. Kxb4 Kf6 72. Nd5+ Ke5 73. Ne7 Rf4+ 74. Kc3 Rf3+ 75. Kd2 Kf6 76. Nd5+ Ke5 77. Ne3 Rf2+ 78. Kd3 Ra2 79. Nc4+ Kf4 80. Nd6 Ra3+ 81. Ke2 Rg3 82. Bc8 Rg2+ 83. Kf1 Rxg4 84. Bxg4 Kxg4 85. Kg2 Kh4 86. Nf5+ Kg4 87. Ne3+ Kf4 88. Nf1 g4 89. Ng3 1/2-1/2

[Event "GER-ch Net Amateur Gr-A Vor3"]
[Site "Playchess.com INT"]
[Date "2020.04.16"]
[Round "8"]
[White "Ruprecht, Martin"]
[Black "Browning, Rebecca"]
[Result "0-1"]
[WhiteElo "1845"]
[BlackElo "1750"]
[PlyCount "92"]
[EventDate "2020.04.16"]
[EventType "swiss (blitz)"]
[EventRounds "9"]
[EventCountry "GER"]
[SourceTitle "CBM 195 Extra"]
[Source "ChessBase"]
[SourceDate "2020.05.31"]
[SourceVersion "1"]
[SourceVersionDate "2020.05.31"]
[SourceQuality "1"]

1. d4 d5 2. c4 c6 3. Nc3 Nf6 4. e3 dxc4 5. Bxc4 g6 6. Nf3 Bg7 7. 0-0 0-0 8. e4 b5 9. Bd3 Bg4 10. Be3 Na6 11. a3 Qd7 12. h3 Bxh3 13. gxh3 Qxh3 14. Bf4 Nh5 15. Bh2 Rad8 16. Qe2 Bxd4 17. Nxd4 Rxd4 18. Rad1 Rfd8 19. Bc2 f5 20. Rxd4 Rxd4 21. Rd1 Rxd1+ 22. Qxd1 Nc5 23. exf5 gxf5 24. Qe2 Qg4+ 25. Qxg4+ fxg4 26. Ne4 Na4 27. Bxa4 bxa4 28. Kg2 Kf7 29. Nc5 Kf6 30. Nxa4 Ke6 31. Nc3 Nf6 32. Kg3 h5 33. Kf4 Nd5+ 34. Nxd5 cxd5 35. Kg5 d4 36. Kxh5 Kf5 37. Bc7 e5 38. Ba5 e4 39. Bd2 g3 40. fxg3 e3 41. Bb4 d3 42. g4+ Ke4 43. g5 d2 44. g6 d1Q+ 45. Kh6 Qh1+ 46. Kg7 Kf5 0-1

[Event "Heusenstamm Sparkassen op-A 6th"]
[Site "Heusenstamm"]
[Date "2019.11.23"]
[Round "4"]
[White "Browning, Rebecca"]
[Black "Markosyan, Aleksandr"]
[Result "1-0"]
[WhiteElo "1895"]
[BlackElo "1759"]
[PlyCount "115"]
[EventDate "2019.11.21"]
[EventType "swiss"]
[EventRounds "7"]
[EventCountry "GER"]
[SourceTitle "CBM 194 Extra"]
[Source "ChessBase"]
[SourceDate "2020.03.31"]
[SourceVersion "1"]
[SourceVersionDate "2020.03.31"]
[SourceQuality "1"]

1. e4 c5 2. c3 Nf6 3. e5 Nd5 4. d4 cxd4 5. cxd4 d6 6. exd6 Qxd6 7. Nc3 Nc6 8. Nf3 Bg4 9. Be2 e6 10. 0-0 Be7 11. a3 0-0 12. Ne4 Qc7 13. Be3 Rfd8 14. Rc1 Nf4 15. Bb5 Rac8 16. Bxc6 bxc6 17. h3 Bh5 18. Ng3 Bxf3 19. Qxf3 Nd5 20. Ne4 a5 21. Rc2 Nf6 22. Rfc1 Qb7 23. Nd2 Rd5 24. Nc4 Nd7 25. Qe2 Bf6 26. Qe1 a4 27. Na5 Qb5 28. Nxc6 Ra8 29. Nb4 Rd6 30. Rc8+ Rxc8 31. Rxc8+ Nf8 32. Rc5 Qb7 33. Qd1 Qd7 34. Rc4 Qb5 35. Qc2 Qd7 36. Nc6 Qb7 37. Bf4 Rd5 38. Be5 Nd7 39. Nb4 Ra5 40. Rc8+ Nf8 41. Bd6 Be7 42. Rc7 Qa8 43. Bxe7 Qe8 44. Bxf8 Kxf8 45. Rc8 Ra8 46. Rxe8+ Rxe8 47. Qc5+ Kg8 48. Qc6 Rd8 49. Qc7 Re8 50. Nc6 h6 51. Qd7 Ra8 52. Ne7+ Kh7 53. Nc8 Rb8 54. Qxf7 Rxb2 55. Qxe6 Rb3 56. Ne7 h5 57. Qf5+ Kh8 58. Qxh5# 1-0

[Event "Heusenstamm Sparkassen op-A 6th"]
[Site "Heusenstamm"]
[Date "2019.11.23"]
[Round "5"]
[White "Suranyi, Pal"]
[Black "Browning, Rebecca"]
[Result "1-0"]
[WhiteElo "2102"]
[BlackElo "1895"]
[PlyCount "109"]
[EventDate "2019.11.21"]
[EventType "swiss"]
[EventRounds "7"]
[EventCountry "GER"]
[SourceTitle "CBM 194 Extra"]
[Source "ChessBase"]
[SourceDate "2020.03.31"]
[SourceVersion "1"]
[SourceVersionDate "2020.03.31"]
[SourceQuality "1"]

1. d4 d5 2. c4 c6 3. Nc3 Nf6 4. e3 g6 5. g3 Bg7 6. Bg2 dxc4 7. Nge2 0-0 8. a4 Nbd7 9. a5 Qc7 10. Qa4 e5 11. Qxc4 exd4 12. exd4 Re8 13. 0-0 Nf8 14. d5 Bd7 15. a6 Rac8 16. axb7 Qxb7 17. dxc6 Bxc6 18. Bxc6 Qxc6 19. Qxc6 Rxc6 20. Rxa7 Ne4 21. Nxe4 Rxe4 22. Nc3 Bxc3 23. bxc3 Rxc3 24. Bh6 Re8 25. Rb1 Ne6 26. Rbb7 Rf3 27. Kg2 Rf6 28. h4 Ng7 29. Bg5 Rf5 30. g4 Rd5 31. Rxf7 Ne6 32. Bh6 Rd4 33. f3 g5 34. Bxg5 Nxg5 35. hxg5 Re2+ 36. Kg3 Rdd2 37. Rg7+ Kf8 38. Rxh7 Rg2+ 39. Kf4 Kg8 40. g6 Rd4+ 41. Ke5 Rd8 42. Rag7+ Kf8 43. Rh8+ Kxg7 44. Rxd8 Kxg6 45. Rd6+ Kg5 46. f4+ Kh4 47. Rh6+ Kg3 48. g5 Kg4 49. g6 Re2+ 50. Kf6 Ra2 51. Rh1 Ra6+ 52. Kf7 Ra7+ 53. Kg8 Kf5 54. g7 Kg6 55. Kh8 1-0

[Event "Rhein Main op-A 22nd"]
[Site "Bad Homburg"]
[Date "2019.06.23"]
[Round "7"]
[White "Mews, Bernhard"]
[Black "Browning, Rebecca"]
[Result "1/2-1/2"]
[WhiteElo "2061"]
[BlackElo "1923"]
[PlyCount "80"]
[EventDate "2019.06.19"]
[EventType "swiss"]
[EventRounds "9"]
[EventCountry "GER"]
[SourceTitle "EXT 2020"]
[Source "ChessBase"]
[SourceDate "2019.10.17"]
[SourceVersion "1"]
[SourceVersionDate "2019.10.17"]
[SourceQuality "1"]

1. d4 d5 2. Bf4 Nf6 3. e3 Bf5 4. c4 c6 5. Nc3 e6 6. Qb3 Qb6 7. c5 Qxb3 8. axb3 Nbd7 9. h3 Be7 10. Nf3 0-0 11. b4 a6 12. Nd2 Rfe8 13. Nb3 Bf8 14. Na5 Ra7 15. g4 Bg6 16. Be2 e5 17. dxe5 Nxe5 18. Bxe5 Rxe5 19. f4 Rxe3 20. f5 d4 21. Nd1 Re7 22. Ra3 Nd5 23. Kd2 Bxf5 24. gxf5 Nxb4 25. Rg3 Re5 26. f6 g6 27. Nb3 Ra8 28. Nf2 Rae8 29. Bc4 Rf5 30. Nd3 Bh6+ 31. Kd1 Nxd3 32. Rxd3 Rxf6 33. Rxd4 Re7 34. Re1 Rc7 35. Rd8+ Kg7 36. Nd2 Rf2 37. Ree8 Rxd2+ 38. Rxd2 Bxd2 39. Kxd2 Rd7+ 40. Ke2 h6 1/2-1/2

[Event "Rhein Main op-A 22nd"]
[Site "Bad Homburg"]
[Date "2019.06.22"]
[Round "6"]
[White "Browning, Rebecca"]
[Black "Roettinger, Eugen"]
[Result "1-0"]
[WhiteElo "1923"]
[BlackElo "2084"]
[PlyCount "55"]
[EventDate "2019.06.19"]
[EventType "swiss"]
[EventRounds "9"]
[EventCountry "GER"]
[SourceTitle "EXT 2020"]
[Source "ChessBase"]
[SourceDate "2019.10.17"]
[SourceVersion "1"]
[SourceVersionDate "2019.10.17"]
[SourceQuality "1"]

1. e4 g6 2. d4 Bg7 3. Nf3 d6 4. c3 Nd7 5. Bb5 c6 6. Bd3 e5 7. dxe5 dxe5 8. 0-0 Nc5 9. Bc2 Qxd1 10. Rxd1 Bg4 11. Nbd2 0-0-0 12. b4 Nd3 13. Ba3 b5 14. h3 Be6 15. Ng5 Nf4 16. Nxe6 Nxe6 17. Bb2 Ne7 18. a4 a6 19. axb5 axb5 20. Bb3 Nf4 21. Ra7 Rd7 22. Rxd7 Kxd7 23. g3 Ne6 24. Nf3+ Kc7 25. Bxe6 fxe6 26. Ng5 Bf6 27. Nxe6+ Kb6 28. Nc5 1-0

[Event "Rhein Main op-A 22nd"]
[Site "Bad Homburg"]
[Date "2019.06.21"]
[Round "4"]
[White "Browning, Rebecca"]
[Black "Schmidt, Volker2222"]
[Result "1-0"]
[WhiteElo "1923"]
[BlackElo "2109"]
[PlyCount "67"]
[EventDate "2019.06.19"]
[EventType "swiss"]
[EventRounds "9"]
[EventCountry "GER"]
[SourceTitle "EXT 2020"]
[Source "ChessBase"]
[SourceDate "2019.10.17"]
[SourceVersion "1"]
[SourceVersionDate "2019.10.17"]
[SourceQuality "1"]

1. e4 b6 2. d4 Bb7 3. Nc3 e6 4. Bd3 Nf6 5. Nge2 c5 6. 0-0 cxd4 7. Nxd4 Nc6 8. Nxc6 dxc6 9. Bf4 Be7 10. Qf3 Qc8 11. e5 Nd5 12. Nxd5 cxd5 13. Qg3 g6 14. Rac1 Ba6 15. Bh6 Qb7 16. Bg7 Rg8 17. Bf6 Bxf6 18. exf6 Rc8 19. Qd6 Bc4 20. b3 Rc6 21. Qa3 Bxd3 22. cxd3 Kd7 23. Qe7+ Kc8 24. Rxc6+ Qxc6 25. Qxf7 Rd8 26. Qxh7 d4 27. Qxa7 Rd5 28. f7 Rf5 29. Qe7 Qc5 30. Qxe6+ Kb7 31. Re1 Qc2 32. Qd7+ Ka6 33. Qa4+ Kb7 34. Re7+ 1-0

[Event "Rhein Main op-A 22nd"]
[Site "Bad Homburg"]
[Date "2019.06.20"]
[Round "3"]
[White "Bakiev, Diyor"]
[Black "Browning, Rebecca"]
[Result "1-0"]
[WhiteElo "2123"]
[BlackElo "1923"]
[PlyCount "93"]
[EventDate "2019.06.19"]
[EventType "swiss"]
[EventRounds "9"]
[EventCountry "GER"]
[SourceTitle "EXT 2020"]
[Source "ChessBase"]
[SourceDate "2019.10.17"]
[SourceVersion "1"]
[SourceVersionDate "2019.10.17"]
[SourceQuality "1"]

1. e4 e6 2. d4 d5 3. e5 c5 4. c3 Nc6 5. Nf3 Bd7 6. Be2 Rc8 7. 0-0 cxd4 8. cxd4 Qb6 9. Re1 Nge7 10. Na3 Nf5 11. Nc2 Bb4 12. Bd2 h6 13. a3 Bxd2 14. Qxd2 Na5 15. Rad1 Ba4 16. Bd3 Nc4 17. Qe2 Qc7 18. Rb1 Bxc2 19. Qxc2 Nb6 20. Qd2 0-0 21. Rbc1 Qe7 22. Qf4 Qd7 23. Kh1 Ne7 24. g4 f6 25. Qg3 f5 26. g5 h5 27. g6 Rxc1 28. Rxc1 Rc8 29. Rxc8+ Qxc8 30. Qg5 Kf8 31. Qxh5 Qc1+ 32. Kg2 Qh6 33. Qxh6 gxh6 34. b3 Nxg6 35. Kg3 a6 36. Nd2 Kg7 37. b4 Na4 38. Nb3 Ne7 39. b5 axb5 40. Bxb5 Nc3 41. Bd7 Kf7 42. Kh4 Nc6 43. Bxc6 bxc6 44. Kh5 Ne2 45. Kxh6 Ng1 46. a4 Nf3 47. a5 1-0

[Event "Rhein Main op-A 22nd"]
[Site "Bad Homburg"]
[Date "2019.06.20"]
[Round "2"]
[White "Browning, Rebecca"]
[Black "Lesny, Florian"]
[Result "1/2-1/2"]
[WhiteElo "1923"]
[BlackElo "2126"]
[PlyCount "139"]
[EventDate "2019.06.19"]
[EventType "swiss"]
[EventRounds "9"]
[EventCountry "GER"]
[SourceTitle "EXT 2020"]
[Source "ChessBase"]
[SourceDate "2019.10.17"]
[SourceVersion "1"]
[SourceVersionDate "2019.10.17"]
[SourceQuality "1"]

1. e4 c5 2. c3 Nf6 3. e5 Nd5 4. d4 cxd4 5. cxd4 d6 6. Nf3 e6 7. Nc3 Nxc3 8. bxc3 Qc7 9. Bd2 Nd7 10. Bb5 a6 11. exd6 Bxd6 12. Bd3 b6 13. 0-0 Bb7 14. h3 0-0 15. Ng5 Nf6 16. Re1 Bh2+ 17. Kh1 Bf4 18. Ne4 Nxe4 19. Bxe4 Bxe4 20. Rxe4 Bxd2 21. Qxd2 Rac8 22. Rc1 Qc4 23. Rg4 f6 24. Rg3 Rc7 25. Re1 Rfc8 26. Qf4 Rf7 27. Qe3 Rc6 28. a3 Qd5 29. Qf4 Qd6 30. Qxd6 Rxd6 31. Rge3 Re7 32. f4 Kf7 33. Kg1 Rc7 34. Kf2 Rdc6 35. Rc1 Rc4 36. Rd3 b5 37. Ke2 Ke7 38. Kd2 Kd6 39. Re1 Kd5 40. Rde3 R4c6 41. Rb1 Rc4 42. Rb4 Rb7 43. g4 a5 44. Rb3 b4 45. axb4 axb4 46. Kd3 Rxc3+ 47. Rxc3 bxc3 48. Kxc3 Rc7+ 49. Kd3 Rc1 50. Ke2 Rc4 51. Kf3 g6 52. f5 exf5 53. gxf5 Rxd4 54. Re6 g5 55. Rxf6 Rf4+ 56. Kg3 h5 57. Rg6 h4+ 58. Kg2 Rxf5 59. Rg8 Ke4 60. Re8+ Kf4 61. Rg8 Re5 62. Rf8+ Ke3 63. Rg8 Ke2 64. Rf8 Re3 65. Rf5 Rg3+ 66. Kh2 Ke3 67. Rf8 Rf3 68. Re8+ Kf2 69. Re5 Rg3 70. Rf5+ 1/2-1/2

[Event "GER-chT U20 Girls"]
[Site "Osnabrueck"]
[Date "2018.12.29"]
[Round "5.3"]
[White "Browning, Rebecca"]
[Black "Kobald, Jacqueline"]
[Result "0-1"]
[WhiteElo "1833"]
[BlackElo "1797"]
[PlyCount "168"]
[EventDate "2018.12.27"]
[EventType "team-swiss"]
[EventRounds "7"]
[EventCountry "GER"]
[SourceTitle "CBM 188 Extra"]
[Source "ChessBase"]
[SourceDate "2019.02.26"]
[SourceVersion "1"]
[SourceVersionDate "2019.02.26"]
[SourceQuality "1"]
[WhiteTeam "Solingen SG"]
[BlackTeam "Stuttgart Wolfbusch"]
[WhiteTeamCountry "GER"]
[BlackTeamCountry "GER"]

1. d4 Nf6 2. c4 g6 3. Nc3 Bg7 4. e4 d6 5. f4 e5 6. dxe5 dxe5 7. Qxd8+ Kxd8 8. fxe5 Ng4 9. Bg5+ Ke8 10. Nd5 Bxe5 11. h3 f6 12. hxg4 Bg3+ 13. Ke2 fxg5 14. Nf3 c6 15. Rxh7 Rxh7 16. Nf6+ Ke7 17. Nxh7 Bxg4 18. Nhxg5 Nd7 19. Ke3 Rf8 20. Be2 Bf4+ 21. Kd3 Nc5+ 22. Kc2 Bxg5 23. Ne5 Bxe2 24. Nxg6+ Ke8 25. Nxf8 Kxf8 26. Rh1 Kg7 27. b4 Ne6 28. c5 Nd4+ 29. Kc3 Nb5+ 30. Kc2 Na3+ 31. Kb3 Nc4 32. Kc3 Bd2+ 33. Kb3 Ne5 34. a3 Ng6 35. Kc2 Bf4 36. Re1 Bb5 37. Kc3 Ne5 38. g3 Bg5 39. a4 Bxa4 40. Ra1 Bb5 41. Rxa7 Ba6 42. Ra8 Bf6 43. Kb3 Kf7 44. Rc8 Nd7 45. Rc7 Ke6 46. Rc8 Be5 47. g4 Nf6 48. g5 Nxe4 49. Re8+ Kf5 50. g6 Bf6 51. Kc2 Ng5 52. Rg8 Ne6 53. Kb3 Nf4 54. g7 Ne6 55. Ka4 Bxg7 56. Ka5 Be5 57. Kb6 Bc7+ 58. Ka7 Nd4 59. Ka8 Nc2 60. Rf8+ Ke6 61. Rf2 Nxb4 62. Rb2 Ba5 63. Ka7 Kd5 64. Rh2 Kxc5 65. Rh5+ Nd5 66. Rg5 Bc4 67. Kxb7 Bd3 68. Rg3 Bb5 69. Rg6 Ne7 70. Re6 Nd5 71. Rg6 Bc3 72. Rh6 Be5 73. Rg6 Bf6 74. Rh6 Kd4 75. Rh1 c5 76. Rd1+ Bd3 77. Kc6 Nb4+ 78. Kd6 c4 79. Ke6 Bg5 80. Rg1 Be3 81. Rg4+ Be4 82. Rg7 c3 83. Rd7+ Bd5+ 84. Kf5 c2 0-1

[Event "GER-chT U20 Girls"]
[Site "Osnabrueck"]
[Date "2018.12.28"]
[Round "3.3"]
[White "Von Jan, Lena"]
[Black "Browning, Rebecca"]
[Result "0-1"]
[WhiteElo "1520"]
[BlackElo "1833"]
[PlyCount "84"]
[EventDate "2018.12.27"]
[EventType "team-swiss"]
[EventRounds "7"]
[EventCountry "GER"]
[SourceTitle "CBM 188 Extra"]
[Source "ChessBase"]
[SourceDate "2019.02.26"]
[SourceVersion "1"]
[SourceVersionDate "2019.02.26"]
[SourceQuality "1"]
[WhiteTeam "Muldental Wilkau Hasslau"]
[BlackTeam "Solingen SG"]
[WhiteTeamCountry "GER"]
[BlackTeamCountry "GER"]

1. e4 e6 2. d4 d5 3. exd5 exd5 4. Bd3 c5 5. c3 Nf6 6. Bf4 Nc6 7. Bb5 Bd6 8. Bxd6 Qxd6 9. Nf3 0-0 10. 0-0 Bg4 11. dxc5 Qxc5 12. Be2 Rfe8 13. Nbd2 Re7 14. Nb3 Qb6 15. h3 Bh5 16. Qd2 Rae8 17. Bd1 Ne4 18. Qxd5 Ng3 19. Qg5 Nxf1 20. Kxf1 Bg6 21. Kg1 h6 22. Qd2 Qc7 23. Nbd4 Nxd4 24. cxd4 Rd8 25. Rc1 Qd6 26. Bb3 Be4 27. Qd1 Bxf3 28. Qxf3 Qxd4 29. Rd1 Qb6 30. Rc1 Rde8 31. Rc2 Qd6 32. g3 Qe5 33. Kh2 Rc7 34. Rd2 Qe4 35. Qxe4 Rxe4 36. Rd8+ Kh7 37. Rd2 g6 38. Kg2 Kg7 39. Kf3 Ree7 40. Rd1 Rcd7 41. Rc1 Rd3+ 42. Kg2 Rd2 0-1

[Event "GER-chT U20 Girls"]
[Site "Osnabrueck"]
[Date "2018.12.27"]
[Round "1.2"]
[White "Browning, Rebecca"]
[Black "Jacoby, Angelina"]
[Result "1-0"]
[WhiteElo "1833"]
[BlackElo "1259"]
[PlyCount "114"]
[EventDate "2018.12.27"]
[EventType "team-swiss"]
[EventRounds "7"]
[EventCountry "GER"]
[SourceTitle "CBM 188 Extra"]
[Source "ChessBase"]
[SourceDate "2019.02.26"]
[SourceVersion "1"]
[SourceVersionDate "2019.02.26"]
[SourceQuality "1"]
[WhiteTeam "Solingen SG"]
[BlackTeam "Leegebruch"]
[WhiteTeamCountry "GER"]
[BlackTeamCountry "GER"]

1. e4 d5 2. exd5 Qxd5 3. Nc3 Qa5 4. d4 c6 5. Nf3 Nf6 6. Bc4 Bf5 7. Ne5 e6 8. 0-0 Bd6 9. Re1 0-0 10. Bf4 Qc7 11. Bg3 Nbd7 12. Bd3 Bg6 13. Nxg6 hxg6 14. Ne4 Bf4 15. Bxf4 Qxf4 16. g3 Qc7 17. c3 Rfe8 18. f4 Rad8 19. Qb3 c5 20. Rad1 cxd4 21. cxd4 Nb6 22. Bb5 Rf8 23. Qc3 Nbd5 24. Qxc7 Nxc7 25. Nxf6+ gxf6 26. Bc4 Nd5 27. a3 Rd6 28. Rd3 Rfd8 29. Ba2 Ne7 30. Red1 Kf8 31. Bb1 Nc6 32. d5 Rxd5 33. Rxd5 Rxd5 34. Rxd5 exd5 35. Ba2 d4 36. Kf2 f5 37. Ke2 Ke7 38. Kd3 f6 39. Bd5 Kd6 40. Bf7 g5 41. b4 a6 42. Be8 Kd5 43. h4 Nd8 44. h5 Ne6 45. h6 Nf8 46. Bf7+ Kd6 47. Bg8 Ke7 48. h7 Ng6 49. fxg5 fxg5 50. Kxd4 Kf6 51. a4 Kg7 52. a5 f4 53. gxf4 gxf4 54. Bd5 Kxh7 55. Bxb7 Kg7 56. Bxa6 Kf6 57. Kc5 Ke5 1-0

[Event "Heusenstamm Sparkassen op-A 5th"]
[Site "Heusenstamm"]
[Date "2018.11.25"]
[Round "7"]
[White "Browning, Rebecca"]
[Black "Mischke, Gabriel"]
[Result "0-1"]
[WhiteElo "1836"]
[BlackElo "2036"]
[PlyCount "120"]
[EventDate "2018.11.22"]
[EventType "swiss"]
[EventRounds "7"]
[EventCountry "GER"]
[SourceTitle "CBM 188 Extra"]
[Source "ChessBase"]
[SourceDate "2019.02.26"]
[SourceVersion "1"]
[SourceVersionDate "2019.02.26"]
[SourceQuality "1"]

1. e4 e6 2. Nf3 d5 3. e5 c5 4. b4 b6 5. c3 Bd7 6. a3 Ne7 7. d4 Nf5 8. Bd3 Nh4 9. 0-0 Nxf3+ 10. Qxf3 cxd4 11. cxd4 Nc6 12. Qg4 f5 13. exf6 Qxf6 14. Bb2 Bd6 15. b5 Na5 16. Nd2 0-0 17. Qe2 Qh6 18. g3 Be8 19. f4 Bh5 20. Qe3 Rac8 21. Rac1 Bg4 22. Rfe1 Qh5 23. Be2 Rxc1 24. Bxc1 Bxe2 25. Qxe6+ Qf7 26. Qxe2 Rc8 27. Qd3 Nc4 28. Nf3 Qd7 29. Qe2 Bxa3 30. Qa2 Bb4 31. Rf1 Rc7 32. Qa4 a5 33. Ne5 Qf5 34. Nc6 Qe4 35. Nxb4 Qxd4+ 36. Kg2 Qe4+ 37. Kf2 Nd6 38. Bd2 axb4 39. Re1 Qd4+ 40. Be3 Ne4+ 41. Kf3 Rc3 42. Qa8+ Kf7 43. Qb7+ Kg6 44. Qd7 Rxe3+ 45. Rxe3 Qd1+ 46. Re2 Qd3+ 47. Kg2 Qxe2+ 48. Kh3 Nf2+ 49. Kg2 Ne4+ 50. Kh3 Nf6 51. f5+ Kh6 52. Qc7 Qg4+ 53. Kg2 b3 54. Qc1+ Qg5 55. Qb1 Qd2+ 56. Kh3 b2 57. g4 Qe3+ 58. Kh4 Qg5+ 59. Kg3 Qxg4+ 60. Kf2 Qf4+ 0-1